000 00658 a2200241 4500
001 112376
020 _a9780863162015
041 _apor
082 _aP Year 5 811
092 _a88051011
100 _aGreenfield, Eloise.
300 _a[32] p.
697 _aAfrican Americans - Poetry.
697 _aAmerican poetry.
697 _aAfrican Americans - Juvenile poetry.
697 _aChildren's poetry, American.
856 _u000021/00002101.jpg
040 _aBR-BrIDEA
_cBR-BrIDEA
090 _aP Year 5 811
_bGRE
245 1 0 _aNathaniel talking
_c Eloise Greenfield
260 _a[S.l.]
_bBlack Butterfly Children's Books
_c1988
942 _cBK
999 _c112376
_d112376